000 01618nam0a2200349 4500
001 RU\NLR\BIBL_A\012057518
005 20190904104819.0
010 _a978-5-907010-83-3
021 _aRU
_bКН-П-19-044997
_9КН-П-19-3289
035 _a(NLR Aleph) 012057518
035 _a(RuMoRGB)010014977
090 _a11684950
_c11684950
100 _a20190712d2019 u y0rusy50 ca
101 0 _arus
102 _aRU
105 _aa j 000zy
200 1 _aСказкотерапия для школьников
_eпрактические задания и упражнения для работы с детьми с ОВЗ
_eметодическое пособие
_f[автор-составитель: С. В. Шакарбиева]
210 _aМосква
_cПланета
_d2019
215 _a127 с.
_cтабл.
_d21
225 1 _aСерия "Классное руководство"
606 1 _aДети с ограниченными возможностями здоровья
_jМетодические пособия
_xВоспитание и обучение
_xИспользование сказок
_92389838
_3RU\NLR\AUTH\6601645719
606 1 _aСказкотерапия
_jМетодические пособия
_92082655
_3RU\NLR\AUTH\661258682
686 1 _aЧ491.08я8
686 1 _aЧ430.135.586я8
686 1 _aЮ948.1-82я8
686 1 _aЮ984.92я8
702 1 _aШакарбиева
_bС. В.
_gСветлана Вячеславовна
_4220
942 _cBOOK
980 _aNBR
980 _aNB